000 01227nam a22002657a 4500
005 20240530110338.0
008 141023s2010 le gr 001 0dara d
020 _a9789953823553
040 _aEG-CaGPL
082 0 4 _221
_a306.42\
_bم م
110 0 _aمركز دراسات الوحدة العربية
245 1 2 _aالمعرفى والايديولوجى فى الفكرالعربى المعاصر:
_bبحوث ومناقشات الندوة الفكرية التى نظمها مركز دراسات الوحدة العربية /
_cمركز دراسات الوحدة العربية
260 _aبيروت :
_bمركز دراسات الوحدة العربية ،
_c2010
300 _a527 ص ؛
_c24 سم
650 0 4 _aعلم اجتماع المعرفة
650 0 4 _aالفكر العربى
650 0 4 _aالايديولوجيا
650 0 4 _aالتراث العربى
700 _aحسن حنفى عبدالعزيز
_eمؤلف مشارك
700 _aعبدالعزيز لبيب
_eمؤلف مشارك
700 _aرضوان السيد
_eمؤلف مشارك
700 _aعبدالاله بلقزيز
_eمحرر
942 _2ddc
_cBK
999 _c59830
_d59830